Християнізація Британії та формування її церковної організації у V–VIII ст. (Запис № 460773)

МАРК-запис
000 -Лідер
fixed length control field 02764nam a22002657a 4500
001 - Контрольний номер
control field 216218866
003 - Ідентифікатор контрольного номера
control field UA-OsUOA
005 - Дата та час останнього входження (трансакції)
control field 20210101183704.0
008 - Елементи даних фіксованої довжини – загальна інформація
fixed length control field 200719b un ||||| m||| 00| 0 ukr d
040 ## - Джерело каталогізації
Агенція оригінальної каталогізації UA-OsUOA
Мова каталогізації ukr
Агенція, яка здійснювала перезапис UA-OsUOA
Агенція, яка здійснювала модифікацію UA-OsUOA
041 ## - Код мови
Код мови тексту/ звукової доріжки чи окремого заголовка (П) ukr
080 ## - Індекс Універсальної десяткової класифікації
Індекс Універсальної десяткової класифікації (УДК) (НП) 94(366)„04/07”:27(09)
090 ## - Локальний шифр розміщення
Класифікаційний індекс УДК 94(366)„04/07”:27(09)
095 ## - Код спеціальності для авторефератів
Код спеціальності 09.00.11
Назва спеціальності релігієзнавство
100 ## - Основне введення – ім’я особи
Ім’я особи (НП) Бучовський В. Р.
245 ## - Відомості про назву
Назва (НП) Християнізація Британії та формування її церковної організації у V–VIII ст.
Дані про відповідальність (НП) Бучовський Віталій Рішардович ; наук. керівник Балух Василь Олексійович
260 ## - Публікація, розповсюдження і т.п. (Вихідні дані)
Місце публікації, розповсюдження і т.п. (П) Острог
Дата публікації, розповсюдження і т.п. (П) 2010
300 ## - Фізичний опис
Обсяг 20 с.
502 ## - Примітка про дисертацію
Зв'язок Автореферат дисертації на здобуття наукового ступеня кандидата історичних наук<br/>
Наймення інституції, що представляється Національний університет „Острозька академія”
Рік отримання вченого ступеня 2010
520 ## - Резюме і т.п.
Резюме, реферат, анотація, тощо (НП) У дисертації досліджується процес християнізації Британії та формування її церковної організації у V–VIII ст. Визначено та проаналізовано причини, час і основні етапи проникнення християнства на Британські острови. Досліджено особливості функціонування Кельтської Церкви і дана оцінка суперництву між кельтським та римським варіантами християнства. Обґрунтовано закономірності процесу формування англосаксонських королівств і визначено роль Церкви у цьому процесі. Розкрито сутність місіонерської діяльності Августина та його послідовників у англосаксонських королівствах. З'ясовано специфіку становлення християнської церковної організації в V–VIII ст. у Британії. Поряд із цим проаналізовано основні форми впливу християнства на розвиток церковно-мистецької спадщини Британських островів.
650 ## - Додаткове предметне введення – тематичний термін
Джерело заголовка чи терміна UDC
Тематичний термін чи географічна назва, як елемент введення (НП) 94 Історія
942 ## - Додаткові елементи входу (Коха)
Source of classification or shelving scheme Universal Decimal Classification
Тип елемента Koha Автореферат
955 ## - Код типу видання за змістом
Код типу видання за змістом (НП) Наукові видання

Немає доступних примірників.